000 00629nam a2200229Ia 4500
003 OSt
005 20220928104857.0
006 a|||||r|||| 00| 0
007 ta
008 220927b |||||||| |||| 00| 0 eng d
024 _a46799
037 _cTextual
040 _aSDCL
_cSDCL
_beng
041 _2eng
_aeng
082 _aO152,1N07:g, L9
100 _aSingh Radhika
_9412630
245 0 _aMahadevi Varma ke kavya men laalitya-yojna.
260 _aNew Delhi
_bNational Publishing House
_c1979
300 _a313p
_ccm.
942 _hO152,1N07:g, L9
_cTEXL
_2CC
999 _c728373
_d728373